000 00238nam a2200109Ia 4500
008 190216s9999||||xx |||||||||||||| ||und||
100 _aDr.Mukundan N
245 0 _aGatha
260 _bVidyarthimithram
650 _aMalayalam
942 _cBK
999 _c26270
_d26270